| 000 | 00685nam a22002057a 4500 | ||
|---|---|---|---|
| 999 |
_c12227 _d12227 |
||
| 003 | AR-CdUCM | ||
| 008 | 190408b ||||| |||| 00| 0 spa d | ||
| 040 |
_aMUNICIPALIDAD PROVINCIAL DEL CUSCO _cBIBLIOTECA MUNICIPAL DEL CUSCO |
||
| 082 |
_22ed. _aEP / 372.510 / _bE78 |
||
| 100 |
_aEscobar Batz, Nery _929975 |
||
| 245 |
_aMatemática : _bTexto básico para alumnos 1° y 2° grado / |
||
| 260 |
_aLima : _c1994. |
||
| 300 |
_a90 páginas ; _bIlustraciones _c30cm |
||
| 650 |
_aMatemática _921292 |
||
| 650 |
_aEducación primaria _91561 |
||
| 700 |
_aPrograma ERA, Educación Rural Andina _929976 |
||
| 700 |
_aUNICEF _929977 |
||
| 942 |
_2ddc _cLIBROS |
||
| 945 |
_anom _d2019-04-08 |
||